Statistics for Patriots Head Coaches

Click here to take the quiz!

General Stats

  • This quiz has been taken 21 times
    (11 since last reset)
  • The average score is 4 of 15

Answer Stats

HintAnswer% Correct
2000-2023Bill Belichick
90%
2024-PresentJerod Mayo
90%
1997-1999Pete Carroll
80%
1993-1996Bill Parcells
70%
1973-1978Chuck Fairbanks
10%
1982-1984Ron Meyer
10%
1969-1970Clive Rush
0%
1991-1992Dick MacPherson
0%
1970-1972John Mazur
0%
1960-1961Lou Saban
0%
1961-1968Mike Holovak
0%
1972Phil Bengston
0%
1984-1989Raymond Berry
0%
1990Rod Rust
0%
1979-1981Ron Erhardt
0%

Score Distribution

Percentile by Number Answered

Percent of People with Each Score

Your Score History

You have not taken this quiz since the last reset